Most Manchester United Appearances Per Position - Statistics

General Stats
  • This quiz has been taken 290 times
  • The average score is 6 of 11
Answer Stats
Position Player Apps Goals Nationality % Correct
Left Winger Ryan Giggs 963 168 Wales
97%
Right Back Gary Neville 602 7 England
92%
Centre Midfielder Paul Scholes 718 155 England
88%
Right Winger George Best 470 179 Northern Ireland
84%
Right Midfielder Roy Keane 480 51 Republic of Ireland
78%
Centre Forward Bobby Charlton 758 249 England
75%
Left Midfielder Bryan Robson 461 99 England
31%
Goalkeeper Alex Stepney 539 2 England
22%
Centre Back William Foulkes 688 9 England
16%
Left Back Tony Dunne 535 2 Republic of Ireland
13%
Centre Back Martin Buchan 467 4 Scotland
12%
No matching quizzes found
Score Distribution
Percent of People with Each Score
Percentile by Number Answered
Your Score History
You have not taken this quiz